LIBRARY & INFORMATION CENTRE, KCAET, TAVANUR

ONLINE PUBLIC ACCESS CATALOGUE (OPAC)

Erosion control with geosynthetics / (Record no. 10445)

MARC details
000 -LEADER
fixed length control field 00410cam a2200145ua 4500
041 ## - LANGUAGE CODE
Language code of text/sound track or separate title eng
082 ## - DEWEY DECIMAL CLASSIFICATION NUMBER
Classification number 631.45
Item number VEN/ER
100 ## - MAIN ENTRY--AUTHOR NAME
Personal name Venkatappa, Rao .
245 ## - TITLE STATEMENT
Title Erosion control with geosynthetics /
260 ## - PUBLICATION, DISTRIBUTION, ETC. (IMPRINT)
Place of publication :
Name of publisher Committee for International Geotextile society ,
Year of publication 1995.
300 ## - PHYSICAL DESCRIPTION
Number of Pages 192 ; .
500 ## - GENERAL NOTE
General note ** Reference
942 ## - ADDED ENTRY ELEMENTS (KOHA)
Koha item type Books
Holdings
Withdrawn status Lost status Damaged status Home library Current library Date acquired Full call number Accession Number Koha item type
      KAUAET KAUAET 07/04/2012 631.45 20252 Reference
free website counter